Football - Equipe dominant le championnat de D1 de 2020 à 2025 - Statistiques

Statistiques générales
  • Ce quiz a été pris 509 fois
    184 depuis la dernière actualisation
  • Le résultat moyen est 9 sur 10
Statistiques - réponses
Réponse % Correct
Paris Saint-Germain
100%
Lille OSC
99%
Olympique Lyonnais
99%
O.Marseille
99%
AS Monaco
98%
OGC Nice
94%
RC Lens
93%
Stade Rennais
93%
RC Strasbourg
85%
Stade Brestois
78%
Aucun quiz correspondant
Distribution des résultats
% des personnes avec chaque résultat
Percentile par nombre de réponses
Votre historique - résultats
Vous n’avez pas pris ce quiz depuis la dernière actualisation